000
00293nam a22001337a 4500
008
170616b xxu||||| |||| 00| 0 eng d
020
_a
9780807843246
041
_a
eng
080
_a
94(7/8)
100
_a
16
101
_a
SHH
245
_a
SEARCH FOR SECURITY
_c
MILLER,A.D
942
_2
udc
_c
BK
999
_c
17827
_d
17827